[Event "Goch op 27th"]
[Site "Goch"]
[Date "2016.09.02"]
[Round "2"]
[White "Ter Steeg, Marcus"]
[Black "Weissbeck, Wolf Dieter"]
[Result "1-0"]
[WhiteElo "2079"]
[BlackElo "1775"]
[PlyCount "121"]
[EventDate "2016.09.01"]
[EventType "swiss"]
[EventRounds "7"]
[EventCountry "GER"]
[SourceTitle "EXT 2018"]
[Source "ChessBase"]
[SourceDate "2017.10.13"]
[SourceVersion "1"]
[SourceVersionDate "2017.10.13"]
[SourceQuality "1"]

1. d4 d5 2. c4 e6 3. Nc3 Bb4 4. Qa4+ Nc6 5. cxd5 Qxd5 6. Nf3 Bd7 7. Bd2 Bxc3 8. Bxc3 Nf6 9. Qc2 0-0 10. e3 h6 11. Bd3 a5 12. e4 Qh5 13. 0-0 Nb4 14. Bxb4 axb4 15. Qxc7 Bb5 16. Qc2 Rac8 17. Qe2 Bxd3 18. Qxd3 Rc7 19. Rac1 Rfc8 20. Rxc7 Rxc7 21. Re1 Qa5 22. Qb3 b5 23. h3 Qa4 24. Qd3 Rc2 25. Rb1 Rc8 26. a3 Qc2 27. Ne1 Qxd3 28. Nxd3 bxa3 29. bxa3 Nxe4 30. Rxb5 Rc3 31. Ne5 Rxa3 32. Rb8+ Kh7 33. Nxf7 Ra1+ 34. Kh2 Nxf2 35. Re8 Rh1+ 36. Kg3 Ne4+ 37. Kf4 Ng5 38. Nxg5+ hxg5+ 39. Kxg5 Rd1 40. Rd8 Rb1 41. g4 Rb5+ 42. Kf4 g5+ 43. Ke4 Kg7 44. Rd7+ Kg6 45. Re7 Kf6 46. Rh7 Kg6 47. Rh5 Rb1 48. Ke5 Re1+ 49. Kd6 Rd1 50. Kc5 Rc1+ 51. Kb4 e5 52. h4 gxh4 53. dxe5 Re1 54. Kc5 h3 55. Kd6 Rd1+ 56. Ke7 Re1 57. e6 Re3 58. Kd7 Rd3+ 59. Ke8 Ra3 60. e7 Rd3 61. Kf8 1-0

[Event "Goch op 26th"]
[Site "Goch"]
[Date "2015.09.06"]
[Round "6"]
[White "Weissbeck, Wolf Dieter"]
[Black "Reipen, Torben"]
[Result "1/2-1/2"]
[WhiteElo "1766"]
[BlackElo "1581"]
[PlyCount "42"]
[EventDate "2015.09.03"]
[EventType "swiss"]
[EventRounds "7"]
[EventCountry "GER"]
[SourceTitle "EXT 2018"]
[Source "ChessBase"]
[SourceDate "2017.10.13"]
[SourceVersion "1"]
[SourceVersionDate "2017.10.13"]
[SourceQuality "1"]

1. Nf3 Nf6 2. g3 d5 3. d4 Bf5 4. Bg2 c6 5. 0-0 Nbd7 6. Nbd2 e6 7. Re1 Be7 8. Nf1 0-0 9. b3 Ne4 10. Bb2 Bb4 11. Ne3 Bxe1 12. Qxe1 Qb6 13. Nh4 Nd6 14. Ba3 c5 15. Nhxf5 Nxf5 16. Nxf5 exf5 17. Bxd5 Rfe8 18. dxc5 Nxc5 19. Bxc5 Qxc5 20. c4 Rab8 21. e3 Red8 1/2-1/2

[Event "Goch op 26th"]
[Site "Goch"]
[Date "2015.09.04"]
[Round "2"]
[White "Weissbeck, Wolf Dieter"]
[Black "Eveleens, Wim"]
[Result "0-1"]
[WhiteElo "1766"]
[BlackElo "2139"]
[PlyCount "66"]
[EventDate "2015.09.03"]
[EventType "swiss"]
[EventRounds "7"]
[EventCountry "GER"]
[SourceTitle "EXT 2018"]
[Source "ChessBase"]
[SourceDate "2017.10.13"]
[SourceVersion "1"]
[SourceVersionDate "2017.10.13"]
[SourceQuality "1"]

1. Nf3 e6 2. g3 f5 3. Bg2 Nf6 4. d4 d5 5. 0-0 Bd6 6. c4 0-0 7. Nc3 c6 8. c5 Bc7 9. b4 Nbd7 10. b5 Ne4 11. Nxe4 fxe4 12. Ng5 Nf6 13. bxc6 bxc6 14. Rb1 Qe8 15. f3 exf3 16. Nxf3 Ne4 17. Rb3 Qh5 18. Ne5 Rxf1+ 19. Qxf1 Bxe5 20. dxe5 Nxc5 21. Rc3 Nd7 22. Rxc6 Nxe5 23. Rc7 Ba6 24. Bb2 Rf8 25. Qa1 Rf5 26. Bxe5 Rxe5 27. Qb1 Qe8 28. Rxa7 Qb5 29. Qc2 Rxe2 30. Ra8+ Kf7 31. Qc7+ Kg6 32. Qc1 Qb6+ 33. Kh1 Qf2 0-1

[Event "Goch op 26th"]
[Site "Goch"]
[Date "2015.09.03"]
[Round "1"]
[White "Krueger, Andre"]
[Black "Weissbeck, Wolf Dieter"]
[Result "1-0"]
[WhiteElo "2100"]
[BlackElo "1766"]
[PlyCount "61"]
[EventDate "2015.09.03"]
[EventType "swiss"]
[EventRounds "7"]
[EventCountry "GER"]
[SourceTitle "EXT 2018"]
[Source "ChessBase"]
[SourceDate "2017.10.13"]
[SourceVersion "1"]
[SourceVersionDate "2017.10.13"]
[SourceQuality "1"]

1. d4 e6 2. Nf3 d5 3. c4 Nf6 4. g3 Nbd7 5. Bg2 Bb4+ 6. Bd2 Qe7 7. a3 Bxd2+ 8. Nbxd2 0-0 9. 0-0 Re8 10. Re1 b6 11. Ne5 Bb7 12. Nxd7 Qxd7 13. Qc2 Rac8 14. c5 c6 15. f4 Qc7 16. b4 a5 17. Qc3 axb4 18. axb4 Ra8 19. e3 Rxa1 20. Rxa1 Ra8 21. Rxa8+ Bxa8 22. Qa3 Bb7 23. Bf3 Nd7 24. Nb3 b5 25. Be2 Bc8 26. Qa8 Qb7 27. Qa5 Nf8 28. Qd8 Qd7 29. Qb6 Bb7 30. Na5 Ba8 31. Qb8 1-0

[Event "Goch op 24th"]
[Site "Goch"]
[Date "2013.09.08"]
[Round "6"]
[White "Van Dael, Siem"]
[Black "Weissbeck, Wolf Dieter"]
[Result "0-1"]
[WhiteElo "1459"]
[BlackElo "1817"]
[PlyCount "24"]
[EventDate "2013.09.05"]
[EventType "swiss"]
[EventRounds "7"]
[EventCountry "GER"]
[SourceTitle "EXT 2015"]
[Source "ChessBase"]
[SourceDate "2014.11.20"]
[SourceVersion "1"]
[SourceVersionDate "2014.11.20"]
[SourceQuality "1"]

1. e4 e6 2. d4 d5 3. Nc3 Nf6 4. e5 Nfd7 5. f4 c5 6. Nf3 Nc6 7. Be3 cxd4 8. Bxd4 Nxd4 9. Nxd4 a6 10. Be2 Bc5 11. Nb3 Be3 12. Rf1 Qh4+ 0-1

[Event "Goch op 24th"]
[Site "Goch"]
[Date "2013.09.06"]
[Round "2"]
[White "Weissbeck, Wolf Dieter"]
[Black "Liebeskind, Rolf Dieter"]
[Result "1-0"]
[WhiteElo "1817"]
[BlackElo "1308"]
[PlyCount "90"]
[EventDate "2013.09.05"]
[EventType "swiss"]
[EventRounds "7"]
[EventCountry "GER"]
[SourceTitle "EXT 2015"]
[Source "ChessBase"]
[SourceDate "2014.11.20"]
[SourceVersion "1"]
[SourceVersionDate "2014.11.20"]
[SourceQuality "1"]

1. e4 c5 2. Bc4 d6 3. Nf3 Nf6 4. Nc3 e6 5. 0-0 Nc6 6. d4 cxd4 7. Nxd4 Be7 8. Nxc6 bxc6 9. Qf3 Bb7 10. Bg5 0-0 11. Rad1 Qc7 12. Bd3 e5 13. Qe2 h6 14. Bc1 d5 15. a3 d4 16. Nb1 a5 17. f4 Bd6 18. f5 Rfe8 19. Nd2 Qb6 20. Nc4 Qc7 21. Rf3 Ba6 22. Rg3 Kh7 23. Rh3 Rg8 24. g4 g5 25. Nd2 Bxd3 26. cxd3 Rh8 27. Nf3 Kg7 28. Qg2 Rag8 29. Rg3 Kf8 30. Qc2 Nd7 31. Bd2 Nc5 32. b4 axb4 33. Bxb4 Nb7 34. Bxd6+ Qxd6 35. Rb1 Nd8 36. Qb3 f6 37. Nd2 Rh7 38. Nc4 Qc7 39. Rg2 Qa7 40. Qb8 Qxb8 41. Rxb8 Ke7 42. Rgb2 Rgh8 43. a4 h5 44. a5 c5 45. a6 Nc6 1-0

[Event "Nuremberg LGA Cup 9th"]
[Site "Nuremberg"]
[Date "2012.09.08"]
[Round "5"]
[White "Siegl, Adrian"]
[Black "Weissbeck, Wolf Dieter"]
[Result "1/2-1/2"]
[WhiteElo "1697"]
[BlackElo "1874"]
[PlyCount "113"]
[EventDate "2012.09.06"]
[EventType "swiss"]
[EventRounds "7"]
[EventCountry "GER"]
[SourceTitle "CBM 150 Extra"]
[Source "ChessBase"]
[SourceDate "2012.10.19"]
[SourceVersion "1"]
[SourceVersionDate "2012.10.19"]
[SourceQuality "1"]

1. e4 e6 2. d4 d5 3. Nd2 Nf6 4. e5 Nfd7 5. c3 c5 6. Bd3 Nc6 7. Ndf3 Qb6 8. Ne2 Be7 9. 0-0 c4 10. Bc2 Nf8 11. Rb1 Na5 12. Bg5 Qc7 13. Bxe7 Qxe7 14. Qd2 h6 15. Qf4 Bd7 16. Ra1 a6 17. Rfb1 g5 18. Qf6 Qxf6 19. exf6 0-0-0 20. Ng3 Be8 21. b4 Nc6 22. b5 axb5 23. Rxb5 Nxd4 24. Nxd4 Bxb5 25. Nxb5 Kd7 26. Nd4 Kd6 27. Rb1 Rb8 28. a4 h5 29. a5 Nd7 30. Nf3 Nxf6 31. Nxg5 Ke7 32. Ba4 h4 33. Ne2 e5 34. Re1 Ne4 35. Nxe4 dxe4 36. Rd1 Rhd8 37. Rxd8 Rxd8 38. g3 h3 39. Kf1 Rd5 40. Ng1 Rxa5 41. Bd1 Ra3 42. Ne2 f5 43. Ke1 b5 44. Kd2 Ra2+ 45. Bc2 Ra1 46. Nc1 Kf6 47. g4 Ra7 48. gxf5 Kxf5 49. f3 Kf4 50. Bxe4 Rd7+ 51. Ke2 Rg7 52. Kd2 Rg2+ 53. Ne2+ Kg5 54. Ke3 Rxh2 55. f4+ exf4+ 56. Nxf4 Kh4 57. Ne2 1/2-1/2

[Event "Nuremberg LGA Cup 8th"]
[Site "Nuremberg"]
[Date "2011.09.11"]
[Round "6"]
[White "Wagner, Florian"]
[Black "Weissbeck, Wolf Dieter"]
[Result "1-0"]
[WhiteElo "2240"]
[BlackElo "1705"]
[PlyCount "43"]
[EventDate "2011.09.08"]
[EventType "swiss"]
[EventRounds "7"]
[EventCountry "GER"]
[SourceTitle "CBM 144 Extra"]
[Source "ChessBase"]
[SourceDate "2011.10.28"]
[SourceVersion "1"]
[SourceVersionDate "2011.10.28"]
[SourceQuality "1"]

1. d4 e6 2. Nf3 Nf6 3. Bg5 Be7 4. Nbd2 d5 5. c3 c5 6. e3 a6 7. Bd3 c4 8. Bc2 b5 9. e4 dxe4 10. Nxe4 Bb7 11. Ng3 Nbd7 12. Qe2 Qa5 13. 0-0 Rc8 14. a3 Qb6 15. Ne5 Nxe5 16. dxe5 Nd5 17. Qg4 f5 18. exf6 Nxf6 19. Bxf6 Bxf6 20. Bxh7 Rc5 21. Rae1 Rg5 22. Rxe6+ 1-0

[Event "Nuremberg LGA Cup 8th"]
[Site "Nuremberg"]
[Date "2011.09.09"]
[Round "2"]
[White "Lorscheid, Gerhard"]
[Black "Weissbeck, Wolf Dieter"]
[Result "1-0"]
[WhiteElo "2277"]
[BlackElo "1902"]
[PlyCount "73"]
[EventDate "2011.09.08"]
[EventType "swiss"]
[EventRounds "7"]
[EventCountry "GER"]
[SourceTitle "CBM 144 Extra"]
[Source "ChessBase"]
[SourceDate "2011.10.28"]
[SourceVersion "1"]
[SourceVersionDate "2011.10.28"]
[SourceQuality "1"]

1. d4 f5 2. g3 Nf6 3. Bg2 g6 4. c3 Bg7 5. Qb3 d5 6. Nd2 e6 7. Nh3 Nh5 8. 0-0 Bf6 9. f3 g5 10. Re1 0-0 11. e4 c6 12. Nf1 h6 13. Bd2 Qc7 14. e5 Bd8 15. c4 a5 16. Rac1 Qb6 17. Qxb6 Bxb6 18. c5 Bd8 19. a3 b5 20. cxb6 Bxb6 21. Be3 Ba6 22. Nd2 f4 23. gxf4 gxf4 24. Bf2 Bd3 25. Kh1 Ra7 26. Ng1 a4 27. Nb1 Ba5 28. Red1 Bf5 29. Nc3 Bd8 30. Bf1 Rff7 31. Na2 Ba5 32. Be1 Bxe1 33. Rxe1 Rfb7 34. Nb4 Rxb4 35. axb4 a3 36. bxa3 Rxa3 37. b5 1-0

[Event "Nuremberg LGA Cup 7th"]
[Site "Nuremberg"]
[Date "2010.09.04"]
[Round "4"]
[White "Schloetterer, Hermann"]
[Black "Weissbeck, Wolf Dieter"]
[Result "0-1"]
[WhiteElo "1980"]
[BlackElo "1708"]
[PlyCount "106"]
[EventDate "2010.09.02"]
[EventType "swiss"]
[EventRounds "7"]
[EventCountry "GER"]
[SourceTitle "CBM 138 Extra"]
[Source "ChessBase"]
[SourceDate "2010.10.29"]
[SourceVersion "1"]
[SourceVersionDate "2010.10.29"]
[SourceQuality "1"]

1. d4 e6 2. g3 g6 3. Bg2 Bg7 4. e4 d5 5. Ne2 Nc6 6. e5 Nge7 7. Nbc3 b6 8. 0-0 0-0 9. f4 Ba6 10. Be3 h5 11. h3 Nf5 12. Bf2 Qe7 13. a3 Na5 14. b3 Rac8 15. Qd2 c6 16. Rfe1 Rc7 17. Kh2 Rfc8 18. Na4 Bh6 19. Qb4 Bxe2 20. Rxe2 h4 21. Qxe7 hxg3+ 22. Bxg3 Rxe7 23. Rd1 c5 24. dxc5 bxc5 25. Rf2 c4 26. b4 Nb7 27. Nc3 a5 28. Bf3 axb4 29. axb4 Ra8 30. Bg4 Ne3 31. Re1 Nxg4+ 32. hxg4 Nd8 33. Rf3 Rb7 34. Rb1 Nc6 35. b5 Nd4 36. Rf2 Ra3 37. Ne2 Nxc2 38. Ng1 Rb3 39. Rc1 Ne3 40. Kh3 Bf8 41. Nf3 Bc5 42. Ra2 R7xb5 43. Ra8+ Rb8 44. Ra5 Bb6 45. Ra6 c3 46. Be1 d4 47. Ng5 c2 48. Ne4 Nd5+ 49. Kh4 d3 50. Bd2 Bd8+ 51. Kg3 Be7 52. Kf3 Bb4 53. Bxb4 d2+ 0-1

[Event "Nuremberg LGA Cup 7th"]
[Site "Nuremberg"]
[Date "2010.09.02"]
[Round "1"]
[White "Weissbeck, Wolf Dieter"]
[Black "Seibold, Hubert"]
[Result "0-1"]
[WhiteElo "1708"]
[BlackElo "2180"]
[PlyCount "71"]
[EventDate "2010.09.02"]
[EventType "swiss"]
[EventRounds "7"]
[EventCountry "GER"]
[SourceTitle "CBM 138 Extra"]
[Source "ChessBase"]
[SourceDate "2010.10.29"]
[SourceVersion "1"]
[SourceVersionDate "2010.10.29"]
[SourceQuality "1"]

1. e4 c5 2. Nf3 Nc6 3. g3 g6 4. Bg2 Bg7 5. 0-0 Nf6 6. Re1 0-0 7. c3 Qb6 8. Na3 d5 9. exd5 Nxd5 10. Nc4 Qc7 11. Ne3 Nxe3 12. dxe3 h6 13. Qb3 b6 14. Rd1 Bg4 15. h3 Be6 16. Qc2 Rad8 17. Bd2 Rd7 18. Be1 Rfd8 19. Rxd7 Qxd7 20. Kh2 Bc4 21. Nd2 Bd3 22. Qa4 b5 23. Qg4 Bf5 24. Bxc6 Qxc6 25. Qf3 Qd7 26. Qg2 h5 27. e4 Be6 28. f4 Qd3 29. Qf1 b4 30. Qxd3 Rxd3 31. e5 bxc3 32. bxc3 Rxc3 33. Nb3 Rc2+ 34. Kg1 f6 35. Bf2 fxe5 36. fxe5 0-1

[Event "Hessen-ch qual"]
[Site "Bruchkoebel"]
[Date "2002.03.29"]
[Round "10"]
[White "Weissbeck, Wolf Dieter"]
[Black "Boehle, Reinhard"]
[Result "1-0"]
[WhiteElo "1768"]
[BlackElo "2123"]
[PlyCount "109"]
[EventDate "2002.03.22"]
[EventType "swiss"]
[EventRounds "11"]
[EventCountry "GER"]
[SourceTitle "EXT 2003"]
[Source "ChessBase"]
[SourceDate "2002.11.25"]
[SourceVersion "1"]
[SourceVersionDate "2002.11.25"]
[SourceQuality "1"]

1. f4 d5 2. Nf3 Nf6 3. e3 a6 4. Be2 c5 5. 0-0 Nc6 6. Ne5 Qc7 7. Nxc6 Qxc6 8. Bf3 Qb6 9. d4 e6 10. c3 Bd7 11. Nd2 Be7 12. g4 Bc6 13. Qc2 Nd7 14. Bg2 f6 15. Nf3 Qc7 16. Bd2 Nf8 17. a3 h5 18. g5 h4 19. Bh3 Bd6 20. Be1 Bb5 21. Rf2 cxd4 22. Nxd4 Bd7 23. f5 e5 24. Ne6 Bxe6 25. fxe6 Be7 26. gxf6 gxf6 27. Rg2 0-0-0 28. Rg7 Kb8 29. Qb3 Rh7 30. Rg8 Bc5 31. Bf2 Nxe6 32. Rxd8+ Nxd8 33. Qxd5 Qd6 34. Qf3 Qc6 35. Qg4 Qc7 36. Kf1 Ka7 37. Rd1 Nc6 38. b4 Bb6 39. c4 Qf7 40. Rd7 Qxd7 41. Qxd7 Rxd7 42. Bxd7 e4 43. Bxc6 bxc6 44. Kg2 a5 45. Kh3 Bc7 46. Bxh4 Be5 47. Bg3 Bb2 48. bxa5 Bxa3 49. Kg4 Ka6 50. Bc7 Bc1 51. Bb6 c5 52. Bxc5 Kxa5 53. Bd4 Kb4 54. c5 Ba3 55. h4 1-0

[Event "Hessen-ch qual"]
[Site "Bruchkoebel"]
[Date "2002.03.23"]
[Round "3"]
[White "Weissbeck, Wolf Dieter"]
[Black "Mueller, Achim"]
[Result "0-1"]
[WhiteElo "1768"]
[BlackElo "2174"]
[PlyCount "50"]
[EventDate "2002.03.22"]
[EventType "swiss"]
[EventRounds "11"]
[EventCountry "GER"]
[SourceTitle "EXT 2003"]
[Source "ChessBase"]
[SourceDate "2002.11.25"]
[SourceVersion "1"]
[SourceVersionDate "2002.11.25"]
[SourceQuality "1"]

1. f4 d6 2. Nf3 g6 3. e4 Bg7 4. d4 c5 5. c3 cxd4 6. cxd4 Qb6 7. Nc3 Bg4 8. Qa4+ Kf8 9. Nd5 Qd8 10. Qb3 Bxf3 11. gxf3 Nc6 12. Be3 e6 13. Qxb7 Na5 14. Qc7 exd5 15. Qxd8+ Rxd8 16. e5 Nc4 17. Bxc4 dxc4 18. Rc1 d5 19. b3 cxb3 20. axb3 Ke7 21. Rc7+ Rd7 22. Rxd7+ Kxd7 23. Ke2 Ne7 24. Ra1 Nc6 25. Ra6 Rb8 0-1

[Event "Bad Zwesten op 6th"]
[Site "Bad Zwesten"]
[Date "2002.01.10"]
[Round "9"]
[White "Weissbeck, Wolf Dieter"]
[Black "Schneider, Udo"]
[Result "1-0"]
[WhiteElo "1768"]
[BlackElo "1607"]
[PlyCount "29"]
[EventDate "2002.01.04"]
[EventType "swiss"]
[EventRounds "9"]
[EventCountry "GER"]
[SourceTitle "CBM 086 Extra"]
[Source "ChessBase"]
[SourceDate "2002.03.14"]
[SourceVersion "1"]
[SourceVersionDate "2002.03.14"]
[SourceQuality "1"]

1. f4 b6 2. e4 e6 3. Nf3 Bb7 4. Nc3 Nc6 5. d4 Bb4 6. Bd3 Nf6 7. 0-0 Bxc3 8. bxc3 0-0 9. e5 Ne8 10. Bxh7+ Kh8 11. Ng5 g6 12. f5 exf5 13. Rxf5 Kg7 14. Bxg6 Kxg6 15. Qg4 1-0

[Event "Bad Zwesten op 6th"]
[Site "Bad Zwesten"]
[Date "2002.01.09"]
[Round "8"]
[White "Rafiee, Kayvan"]
[Black "Weissbeck, Wolf Dieter"]
[Result "1-0"]
[WhiteElo "1599"]
[BlackElo "1768"]
[PlyCount "44"]
[EventDate "2002.01.04"]
[EventType "swiss"]
[EventRounds "9"]
[EventCountry "GER"]
[SourceTitle "CBM 086 Extra"]
[Source "ChessBase"]
[SourceDate "2002.03.14"]
[SourceVersion "1"]
[SourceVersionDate "2002.03.14"]
[SourceQuality "1"]

1. e4 d6 2. d4 Nf6 3. Nc3 g6 4. f4 Bg7 5. Nf3 0-0 6. Bd3 c5 7. dxc5 dxc5 8. e5 Nd5 9. Nxd5 Qxd5 10. Qe2 Bg4 11. 0-0 Nc6 12. Be3 Bxf3 13. Qxf3 Qxf3 14. Rxf3 Nd4 15. Bxd4 cxd4 16. Be4 Rac8 17. Rf2 Rfd8 18. Rd2 Bh6 19. Rf1 g5 20. g3 Rc5 21. c3 gxf4 22. gxf4 Rxe5 1-0

[Event "Bad Zwesten op 6th"]
[Site "Bad Zwesten"]
[Date "2002.01.08"]
[Round "7"]
[White "Weissbeck, Wolf Dieter"]
[Black "Knickel, Aaron"]
[Result "1-0"]
[WhiteElo "1768"]
[BlackElo "1437"]
[PlyCount "103"]
[EventDate "2002.01.04"]
[EventType "swiss"]
[EventRounds "9"]
[EventCountry "GER"]
[SourceTitle "CBM 086 Extra"]
[Source "ChessBase"]
[SourceDate "2002.03.14"]
[SourceVersion "1"]
[SourceVersionDate "2002.03.14"]
[SourceQuality "1"]

1. f4 d5 2. Nf3 Nf6 3. e3 Bg4 4. b3 Nbd7 5. h3 Bxf3 6. Qxf3 c6 7. g4 e5 8. g5 Ne4 9. Bd3 Nec5 10. Bf5 Bd6 11. Bb2 e4 12. Qg2 Bf8 13. Nc3 Qc7 14. Ne2 0-0-0 15. Nd4 Kb8 16. a4 Re8 17. Qg4 Rd8 18. a5 Na6 19. h4 Ka8 20. Bxd7 Qxd7 21. Qxd7 Rxd7 22. Nf5 Rg8 23. h5 Rd8 24. Ke2 Nc5 25. Be5 Nd7 26. Bc7 Rc8 27. Bd6 Rd8 28. Bxf8 Nxf8 29. Ne7 Rh8 30. f5 Nd7 31. a6 Rde8 32. axb7+ Kxb7 33. f6 gxf6 34. gxf6 Nxf6 35. Raf1 Rxe7 36. Rxf6 h6 37. Rg1 Rh7 38. Rgf1 Kc7 39. R1f5 Kd7 40. c4 dxc4 41. bxc4 Kc7 42. c5 Kb7 43. Rd6 Kc7 44. Rff6 Re6 45. Rdxe6 fxe6 46. Rxe6 Kd7 47. Rxe4 Rg7 48. Ra4 Rg5 49. Rxa7+ Ke6 50. d4 Rxh5 51. e4 Rh3 52. Rc7 1-0

[Event "Bad Zwesten op 4th"]
[Site "Bad Zwesten"]
[Date "2000.01.13"]
[Round "6"]
[White "Weissbeck, Wolf Dieter"]
[Black "Trienekens, Tjark"]
[Result "1/2-1/2"]
[WhiteElo "1812"]
[BlackElo "1453"]
[PlyCount "105"]
[EventDate "2000.01.??"]
[EventType "swiss"]
[EventRounds "9"]
[EventCountry "GER"]
[SourceTitle "EXT 2001"]
[Source "ChessBase"]
[SourceDate "2000.11.22"]
[SourceVersion "1"]
[SourceVersionDate "2000.11.22"]
[SourceQuality "1"]

1. f4 c5 2. Nf3 Nc6 3. b3 Nf6 4. Bb2 g6 5. d3 d5 6. Ne5 Bg7 7. Nd2 0-0 8. Ndf3 Nxe5 9. Bxe5 Ng4 10. Bxg7 Kxg7 11. d4 Qa5+ 12. Qd2 Qxd2+ 13. Kxd2 Nf2 14. Rg1 Ne4+ 15. Ke3 cxd4+ 16. Kxd4 e6 17. c4 Nf6 18. c5 Bd7 19. e3 b6 20. b4 Ne4 21. Ba6 Rab8 22. Rab1 Bc8 23. Bd3 Nf2 24. c6 Nxd3 25. Kxd3 b5 26. Rb3 f6 27. Rc1 Rb6 28. Ra3 Ra6 29. Rcc3 Rxa3 30. Rxa3 Rf7 31. Nd4 a6 32. Nb3 e5 33. fxe5 fxe5 34. Ke2 Rf6 35. Na5 Kf8 36. Rc3 Ke7 37. h3 Kd8 38. Rc5 Be6 39. a3 Kc7 40. e4 dxe4 41. Rxe5 h6 42. Rxe4 Kb6 43. g4 Bd5 44. Re3 Bxc6 45. Nxc6 Kxc6 46. Rd3 g5 47. Ke3 Re6+ 48. Kf3 Re5 49. Rd8 Re6 50. Rd4 Re5 51. Re4 Kd5 52. Rxe5+ Kxe5 53. Ke3 1/2-1/2

[Event "Bad Zwesten op 4th"]
[Site "Bad Zwesten"]
[Date "2000.01.09"]
[Round "5"]
[White "Schober, Manfred"]
[Black "Weissbeck, Wolf Dieter"]
[Result "1-0"]
[WhiteElo "2154"]
[BlackElo "1812"]
[PlyCount "37"]
[EventDate "2000.01.??"]
[EventType "swiss"]
[EventRounds "9"]
[EventCountry "GER"]
[SourceTitle "EXT 2001"]
[Source "ChessBase"]
[SourceDate "2000.11.22"]
[SourceVersion "1"]
[SourceVersionDate "2000.11.22"]
[SourceQuality "1"]

1. d4 Nf6 2. Nf3 g6 3. c4 e6 4. Nc3 c6 5. e4 Be7 6. e5 Ng8 7. h4 d6 8. Bg5 dxe5 9. dxe5 Qxd1+ 10. Rxd1 Na6 11. h5 Bxg5 12. Nxg5 h6 13. hxg6 fxg6 14. Nce4 Ke7 15. Nd6 Bd7 16. Ndf7 hxg5 17. Nxh8 Be8 18. Rd3 Nc5 19. Rh7+ 1-0